Statistics for West African Countries

Click here to take the quiz!

General Stats

  • This quiz has been taken 119 times
    (85 since last reset)
  • The average score is 18 of 22

Answer Stats

HintAnswer% Correct
Ghana
91%
Mali
91%
Niger
91%
Equatorial Guinea
90%
Guinea
90%
Guinea Bissau
90%
Liberia
90%
Nigeria
90%
Togo
90%
Benin
87%
Sierra Leone
87%
Cote D'lvoire
84%
Senegal
84%
Gambia
79%
Mauritania
78%
Cameroon
76%
Burkina Faso
73%
Gabon
69%
Cape Verde
66%
Republic of the Congo
66%
Sao Tome and Principe
54%
Central African Republic
46%

Score Distribution

Percentile by Number Answered

Percent of People with Each Score

Your Score History

You have not taken this quiz since the last reset